Departamentos de Chubut - Estadísticas

Estadísticas generales
  • Esta prueba ha sido intentada 40 veces
  • La puntuación promedio es 8 de 15
Estadísticas de respuestas
Hint Respuesta % Correcto
11. Rawson
83%
13. Sarmiento
70%
3. Escalante
65%
6. Gaiman
65%
5. Futaleufú
61%
12. Río Senguer
61%
1. Biedma
57%
7. Gastre
57%
10. Paso de Indios
52%
14. Tehuelches
52%
4. Florentino Ameghino
43%
15. Telsen
43%
2. Cushamen
39%
8. Languiñeo
39%
9. Mártires
39%
No se encontraron pruebas coincidentes
Distribución de puntuación
Porcentaje de gente con cada puntuación
Porcentaje por número respondido
Historial de tus puntuaciones
No has intentado esta prueba.